Loading...

Crime and punishment/

Bibliographic Details
Main Author: Dostoevsky Fyodor
Format: Printed Book
Published: London: Penguin, 1997.
Subjects:
LEADER 00798nam a22001931a 4500
020 |a 9780140621808 
082 |a 823  |b DOS/C 
100 |a Dostoevsky Fyodor  |9 97213 
245 |a Crime and punishment/  |c by Dostoevsky Fyodor 
260 |a London:  |b Penguin,  |c 1997. 
300 |a 434p. 
650 |a Translation Russian Novel  |9 97214 
650 |a Novel English  |9 97215 
650 |a  Literature English  |9 97216 
650 |a Literature  |9 97217 
942 |c BK 
999 |c 9260  |d 9260 
952 |0 0  |1 0  |2 ddc  |4 0  |6 823_000000000000000_DOS_C  |7 0  |9 13569  |a SSUS  |b SSUS  |c STACKS  |d 2015-01-08  |g 0.00  |l 1  |o 823 DOS/C  |p 007436  |r 2018-12-18  |s 2018-12-06  |v 0.00  |w 2015-01-08  |y BK 
952 |0 0  |1 0  |4 0  |6 823_000000000000000_DOS_C  |7 0  |9 13570  |a SSUS  |b SSUS  |c STACKS  |d 2015-01-08  |g 0.00  |l 4  |m 1  |o 823 DOS/C  |p 003556  |r 2019-09-16  |s 2019-08-29  |v 0.00  |w 2015-01-08  |y BK